000 00499nam a2200145Ia 4500
008 220216s9999 xx 000 0 und d
100 _aSulochanamma S.
245 0 _aYield stimulation
260 _bIn: Natural rubber: Agromanagement and crop processing. (Eds. P.J. George and C. Kuruvilla Jacob). Rubber Research Institute of India, Kottayam, India, pp. 239-248.
_c2000
650 _aEthephon
650 _aLow frequency tapping
650 _aStimulation
700 _aThomas K.U.
942 _cBS
999 _c52934
_d52934